| 000 | 01795nam a2200229 a 4500 | ||
|---|---|---|---|
| 001 | 000000903 | ||
| 005 | 20260120073949.0 | ||
| 008 | 090609s1975 dr 000 0 spa d | ||
| 040 |
_aDO-SdBNP _bspa _cBNPHU |
||
| 082 |
_a243 _bN789m |
||
| 100 | 1 |
_aNolasco, Flérida de, _d1891-1976 _935151 |
|
| 245 | 1 | 0 |
_aMi testimonio / _cFlérida de Nolasco. |
| 260 |
_aSanto Domingo : _bCaribe, _c1975. |
||
| 300 |
_a239 p. ; _c18 cm. |
||
| 505 | 0 | _aA tí, lector piadoso: año santo 1975 -- Inextinguible luz -- La iglesia -- ¿En donde descansar? -- Esta tierra maleante que somos -- Renovación por medio de la oración -- La voz del Espíritu Santo -- Sólo en Jesús descansaré -- La oración cantada -- ¿Iglesia nueva? -- ¿No es Cristo la vida? -- El sacerdocio -- Conoce nuestro nombre -- Jesús es la vida -- Profecias de la pasión en los Salmos -- La luz del mundo -- Lirio, perfume y amor -- Confidente consolador -- La eucaristía -- Jesús es el camino -- Imagen visible de Dios -- Regalía divina -- Nuevo enfoque de la vida -- Unidos a Cristo -- ¿De Dios o del mundo? -- corazón -- La senda del señor -- Este cuerpo de muerte -- Un bosque de epítetos -- Mi amor a María -- Himno a la Virgen María -- ¡Oyeme tú, señor -- Hacia ti, señor -- La noche es esta vida -- Condecoración -- La oración mística -- El valor de la gracia -- Le llamarás Jesús -- De amor Festín -- Han regresado a Galilea -- La vid -- El maestro -- Víctima inmolada -- El buen pastor -- Rey -- Tabernáculo del altísimo -- El amigo -- Esposo -- El amado -- Príncipe de paz. | |
| 590 | _aInventaria2018/BT | ||
| 650 | 0 |
_aVida espiritual _9268 |
|
| 650 | 0 |
_aVida cristiana _9668 |
|
| 650 | 4 |
_aLiteratura religiosa _93200 |
|
| 650 | 4 |
_aFe _xMeditaciones _93201 |
|
| 910 | _aValidado. Control de calidad. MFF | ||
| 999 |
_c894 _d894 |
||